Υγιεινή και ασφάλεια εργαζομένων

Saved in:
Bibliographic Details
Main Author: Ιορδανίδης, Πρόδρομος Ι.
Other Authors: Μπέρος, Παύλος Μ.
Format: Book
Language:Greek
Published: Αθήνα : Ίδρυμα Ευγενίδου, 1997
Series:Βιβλιοθήκη Σχολών Μαθητείας Ο.Α.Ε.Δ
Subjects:
Tags: Add Tag
No Tags, Be the first to tag this record!

MARC

LEADER 00000cam a2200000 i 4500
001 1/11170
008 000908s1997 gre d
035 |l 10063728 
040 |a GR-MY-UA  |b gre  |e aacr 
041 0 |a gre 
082 0 |a 363.11 
100 1 |a Ιορδανίδης, Πρόδρομος Ι. 
245 1 0 |a Υγιεινή και ασφάλεια εργαζομένων /  |c Πρόδρομου Ιωάν. Ιορδανίδη, Παύλου Μ. Μπέρου 
260 |a Αθήνα :   |b Ίδρυμα Ευγενίδου,   |c 1997 
300 |a 236 σ.;  |b εικ.;  |c 20 cm 
490 1 |a Βιβλιοθήκη Σχολών Μαθητείας Ο.Α.Ε.Δ 
650 0 0 |a Industrial safety. 
650 0 0 |a Industrial hygiene. 
700 1 |a Μπέρος, Παύλος Μ. 
830 0 |a Βιβλιοθήκη Σχολών Μαθητείας Ο.Α.Ε.Δ 
852 |a INST  |b CHIOS  |e 20000908  |h 363.11 ΙΟΡ  |p 005200017986  |q 005200017986  |t BK  |y 0 
901 |a BIBL2-2000-3 
909 |a Χ  |b 075882 
970 |z 2000/09/ΣΟΦΙΑ